Mouvements populaires et autonomisme urbain dans l'Asie musulmane du moyen âge /

محفوظ في:

المؤلف الرئيسي: Cahen, Claude (مؤلف)

التنسيق: كتاب

اللغة: French

منشور في: Leiden : E. J. Brill, 1959.

الموضوعات:

الوسوم: إضافة وسم

لا توجد وسوم, كن أول من يضع وسما على هذه التسجيلة!

رقم الطلب: D199.3 .C3 1959

LEADER 00745nam a2200229I 4500
001 6218
003 OSt
005 20251202111340.0
008 130303s1959 ne 000 0 fre d
035 |a ocm12700635 
040 |c ARCE Library 
050 4 |a D199.3 .C3 1959 
100 1 |a Cahen, Claude,  |e author  |9 27625 
245 1 0 |a Mouvements populaires et autonomisme urbain dans l'Asie musulmane du moyen âge /  |c Claude Cahen. 
264 1 |a Leiden :   |b E. J. Brill,   |c 1959. 
300 |a 1 volume (in various pagings) ;  |c 25 cm. 
500 |a "Tirage à part d'Arabica, revue d'études arabes, tomes V et VI, 1958-1959." 
650 0 |a Cities and towns  |z Islamic Empire. 
651 0 |a Islamic Empire. 
901 |a reviewed 
942 |c BK  |2 lcc 
999 |c 4879  |d 4879